000 00578nam a2200217 a 4500
001 14405
003 BD-JhCC
005 20250910092807.0
008 250910b2018 nyua|||| ||a| 001 0 eng d
020 _a9781526361158
035 _a(BD-JhCC)14405
040 _aBD-JhCC
_dBD-JhCC
041 _aenglish
082 _223
_a158.1
_bSYE 2018
100 _aSyed,Matthew
245 _a You are awesome /
_cMatthew Syed.
260 _a London:
_bWren & Rook;
_c2018.
300 _a160 p. :
_bill;
_c22 cm.
650 _aPsychology
_vSelf-actualization (Psychology)
942 _2ddc
_cBK
999 _c14405
_d14405